[Event "Corsica Masters 2011"]
[Site "Bastia FRA"]
[Date "2011.10.25"]
[Round "5.6"]
[White "Sulava, Nenad"]
[Black "Grigoryan, Avetik"]
[Result "1-0"]
[WhiteTitle "GM"]
[BlackTitle "GM"]
[WhiteElo "2540"]
[BlackElo "2614"]
[WhiteFideId "14500205"]
[BlackFideId "13302191"]
[EventDate "2011.10.22"]

1. d4 Nf6 2. c4 g6 3. Nc3 Bg7 4. e4 O-O 5. Nf3 d6 6. Be3 e5 7. dxe5 dxe5 8. Qxd8
Rxd8 9. Nd5 Na6 10. O-O-O Bg4 11. Bg5 Rd6 12. h3 Bxf3 13. gxf3 Re6 14. h4 c6 15.
Nc3 h6 16. Be3 Bf8 17. Na4 Ree8 18. c5 Nc7 19. Bc4 Rad8 20. b4 Kg7 21. Nb2 Be7
22. Bb3 a5 23. Nc4 axb4 24. Nxe5 Rxd1+ 25. Rxd1 Rf8 26. Nd7 Rd8 27. Bd4 Ne8 28.
Bb2 g5 29. hxg5 hxg5 30. Kc2 Kh6 31. Rh1+ Kg7 32. Ne5 Bxc5 33. Nxf7 Ra8 34. Nxg5
Bxf2 35. Rh7+ Kg6 36. Bf7+ Kxg5 37. Bc1+ 1-0

[Event "Corsica Masters 2011"]
[Site "Bastia FRA"]
[Date "2011.10.25"]
[Round "5.8"]
[White "Berthelot, Yannick"]
[Black "Battaglini, Gabriel"]
[Result "1-0"]
[WhiteTitle "FM"]
[BlackTitle "IM"]
[WhiteElo "2286"]
[BlackElo "2452"]
[WhiteFideId "600547"]
[BlackFideId "621650"]
[EventDate "2011.10.22"]

1. e4 e6 2. d4 d5 3. Nc3 Nc6 4. Be3 Nf6 5. e5 Nd7 6. Nce2 Qe7 7. c3 f6 8. f4 Nb6
9. Ng3 Bd7 10. Nf3 O-O-O 11. Bd3 g6 12. O-O f5 13. b4 h6 14. a4 a6 15. b5 Nb8
16. bxa6 Nxa6 17. Nd2 Qe8 18. Qe2 Nb8 19. a5 Na8 20. a6 Bc6 21. axb7+ Bxb7 22.
Nb3 Nb6 23. Na5 Ba8 24. Rfb1 Rh7 25. Nf1 Qf7 26. Bb5 Be7 27. Nd2 Rg8 28. Ndb3 g5
29. Ba6+ Kd8 30. Nb7+ Ke8 31. N7c5 Kf8 32. Bc8 Rg6 33. Ra7 gxf4 34. Bxf4 Rhg7
35. Nxe6+ Rxe6 36. Bxe6 Qxe6 37. Nc5 Qc6 38. Rxc7 Qg6 39. e6 Bxc5 40. Rxc5 Rb7
41. Rcb5 Nc6 42. Rxb6 Ra7 43. Bd6+ Kg8 44. e7 Qe8 45. Qe6+ Kg7 46. Be5+ Kh7 47.
Qxf5+ Kg8 48. Qg4+ Kf7 49. Qg7+ Ke6 50. Qf6+ Kd7 51. Qd6+ Kc8 52. Rb8+ 1-0

[Event "Corsica Masters 2011"]
[Site "Bastia FRA"]
[Date "2011.10.25"]
[Round "5.10"]
[White "Dimitrov, Radoslav"]
[Black "Pesotskyi, Vitalii"]
[Result "0-1"]
[WhiteTitle "IM"]
[BlackTitle "IM"]
[WhiteElo "2424"]
[BlackElo "2268"]
[WhiteFideId "2908549"]
[BlackFideId "14101157"]
[EventDate "2011.10.22"]

1. e4 c5 2. Nf3 Nc6 3. Bb5 g6 4. O-O Bg7 5. c3 a6 6. Ba4 b5 7. Bc2 Bb7 8. d4 d6
9. Be3 cxd4 10. cxd4 Nf6 11. d5 Nb8 12. Nd4 O-O 13. a4 bxa4 14. Nc3 Nbd7 15.
Bxa4 Ne5 16. Qe2 Rc8 17. f3 h5 18. Rfc1 Nfd7 19. f4 Ng4 20. Nc6 Bxc6 21. dxc6
Nc5 22. Bxc5 dxc5 23. h3 Bd4+ 24. Kh1 e5 25. g3 Nf2+ 26. Kg2 exf4 27. gxf4 Re8
28. e5 Qh4 29. Qf3 Red8 30. e6 fxe6 31. Ne2 Nxh3 32. Bb3 Rxc6 33. Qxc6 Qg4+ 34.
Kf1 Nxf4 35. Nxd4 cxd4 36. Bxe6+ Nxe6 37. Qg2 Qf5+ 38. Kg1 Nf4 39. Qf3 Qg5+ 40.
Kh2 Qh4+ 41. Kg1 Rf8 42. Ra3 d3 43. Ra4 Ne2+ 44. Qxe2 Qg5+ 45. Qg2 Qxc1+ 46. Kh2
Qc7+ 47. Kh1 Kh7 48. Rxa6 Qc1+ 49. Kh2 Qf4+ 50. Qg3 Qf2+ 0-1

[Event "Corsica Masters 2011"]
[Site "Bastia FRA"]
[Date "2011.10.26"]
[Round "6.3"]
[White "Mamedov, Rauf"]
[Black "Ivanov, Stojan Emilov"]
[Result "1-0"]
[WhiteTitle "GM"]
[WhiteElo "2660"]
[BlackElo "2221"]
[WhiteFideId "13401653"]
[BlackFideId "2903245"]
[EventDate "2011.10.22"]

1. e4 c5 2. Nf3 e6 3. d4 cxd4 4. Nxd4 a6 5. Bd3 d6 6. O-O Nf6 7. Kh1 Nc6 8. Be3
e5 9. Nf3 Be7 10. c4 O-O 11. Nc3 Bg4 12. h3 Bh5 13. Rc1 Rc8 14. b3 Kh8 15. Rg1
Re8 16. g4 Bg6 17. Nh4 Bf8 18. Nf5 Nd4 19. Ng3 b5 20. g5 bxc4 21. bxc4 Nd7 22.
Nd5 Nc5 23. Bb1 Rb8 24. Qg4 Qc8 25. Kg2 Rb2 26. Qxc8 Rxc8 27. h4 Ne2 28. Nxe2
Rxe2 29. Rh1 Bh5 30. Bc2 Bg6 31. Nc3 Rxc2 32. Rxc2 Nxe4 33. Rhc1 Rxc4 34. Nd5
Rxc2 35. Rxc2 Nxg5 36. Rc8 Ne6 37. f3 h6 38. a4 Kh7 39. a5 Bd3 40. h5 g6 41. Ra8
gxh5 42. Nb4 Bc4 43. Nxa6 d5 44. Nc7 Nxc7 45. Rxf8 Kg7 46. Rc8 Na6 47. Rc6 f6
48. Bf2 f5 49. f4 exf4 50. Bd4+ Kf7 51. Kf3 Ke7 52. Kxf4 Kd7 53. Rxh6 Nb4 54.
Kxf5 Na6 55. Ke5 Kc7 56. Bb6+ Kc8 57. Kd6 Kb7 58. Rh7+ Kb8 59. Rxh5 Kb7 60. Bd4
Kb8 61. Rh7 Kc8 62. Ba7 Nb4 63. Rc7+ Kd8 64. Bb6 Ke8 65. Re7+ Kf8 66. Bd4 Kg8
67. Rb7 Na6 68. Ke7 Kh7 69. Kf6+ Kh6 70. Bf2 Kh5 71. Rg7 Kh6 72. Rg4 Kh7 73.
Rh4+ Kg8 74. Bd4 Nb8 75. Ke6 1-0

[Event "Corsica Masters 2011"]
[Site "Bastia FRA"]
[Date "2011.10.26"]
[Round "6.6"]
[White "Coleman, Teddy"]
[Black "Sulava, Nenad"]
[Result "1-0"]
[WhiteTitle "FM"]
[BlackTitle "GM"]
[WhiteElo "2312"]
[BlackElo "2540"]
[WhiteFideId "2022010"]
[BlackFideId "14500205"]
[EventDate "2011.10.22"]

1. d4 e6 2. c4 Bb4+ 3. Nc3 c5 4. Nf3 cxd4 5. Qxd4 Nf6 6. a3 Nc6 7. Qd3 Be7 8. e4
d6 9. Be2 O-O 10. O-O Nd7 11. Rd1 b6 12. Bf4 e5 13. Bg3 Bb7 14. b4 Nf6 15. Bh4
Ne8 16. Bxe7 Qxe7 17. Nd5 Qd8 18. Rd2 Ne7 19. c5 Bxd5 20. exd5 Nf6 21. Qc4 bxc5
22. bxc5 Rc8 23. c6 Qa5 24. Rad1 h6 25. Qb4 Qc7 26. Ba6 Rb8 27. Qa4 Qb6 28. h3
e4 29. Nd4 Nexd5 30. Rc1 Nc7 31. Bb7 Rfe8 32. Nf5 Re5 33. Nxd6 e3 34. Re2 exf2+
35. Rxf2 Re2 36. Qf4 Rd8 37. Nc4 Qxf2+ 38. Qxf2 Rxf2 39. Kxf2 Rd3 40. Bc8 Kf8
41. Rb1 Ke7 42. Rb7 Kd8 43. Bf5 Rd5 44. g4 g6 45. Bb1 Rc5 46. Nd6 Rxc6 47. Nxf7+
Kc8 48. Rb3 h5 49. Ne5 Rc5 50. Nxg6 Ncd5 51. g5 Ne8 52. h4 Kc7 53. Ne5 Nc3 54.
Nf3 Nd6 55. Bg6 Nce4+ 56. Ke3 Ng3 57. Nd4 Rc1 58. Kf4 Nf1 59. Bxh5 Rc4 60. Ke5
Nd2 61. Rb4 Rc5+ 62. Kf6 N2e4+ 63. Kg6 a5 64. Ne6+ Kc6 65. Nxc5 axb4 66. Nxe4
bxa3 67. Nc3 1-0

[Event "Corsica Masters 2011"]
[Site "Bastia FRA"]
[Date "2011.10.26"]
[Round "6.7"]
[White "Durarbeyli, Vasif"]
[Black "Berthelot, Yannick"]
[Result "1-0"]
[WhiteTitle "GM"]
[BlackTitle "FM"]
[WhiteElo "2526"]
[BlackElo "2286"]
[WhiteFideId "13402935"]
[BlackFideId "600547"]
[EventDate "2011.10.22"]

1. c4 c5 2. Nc3 Nf6 3. g3 d5 4. cxd5 Nxd5 5. Bg2 Nc7 6. Nf3 Nc6 7. O-O e5 8. Ne1
Bd7 9. Nc2 Be7 10. Ne3 O-O 11. b3 Rc8 12. Bb2 f6 13. Rc1 b6 14. f4 exf4 15. Rxf4
Nd4 16. Ncd5 Bd6 17. Rf2 Nxd5 18. Nxd5 Be5 19. e3 Ne2+ 20. Qxe2 Bxb2 21. Rd1 Be5
22. d4 cxd4 23. exd4 Bd6 24. Ne3 Re8 25. Qd3 Bc6 26. Bxc6 Rxc6 27. Nf5 Qc7 28.
Re2 Rd8 29. Kg2 Bf8 30. Qe4 Qd7 31. d5 Rc5 32. Red2 g6 33. Ne3 f5 34. Qf4 Bd6
35. Qf3 b5 36. Nc2 Be5 37. Re2 Bg7 38. d6 Qc6 39. Nb4 Qxf3+ 40. Kxf3 Bf6 41. d7
Kf7 42. Rd6 Rc3+ 43. Kg2 Be7 44. Nc6 Rxc6 45. Rxc6 Rxd7 46. Rec2 Bd6 47. Rd2 Ke7
48. Ra6 b4 49. Kf3 Ke6 50. h3 Ke7 51. g4 fxg4+ 52. hxg4 h5 53. gxh5 gxh5 54. Rd5
h4 55. Rh5 Bg3 56. Rh7+ Kd8 57. Rh8+ Ke7 58. Ke4 Bf2 59. Ra4 Be1 60. Rh7+ Kd8
61. Rxd7+ Kxd7 62. Rxa7+ Ke6 63. Ra6+ Kd7 64. Kd5 h3 1-0

[Event "Corsica Masters 2011"]
[Site "Bastia FRA"]
[Date "2011.10.26"]
[Round "6.8"]
[White "Pesotskyi, Vitalii"]
[Black "Baron, Tal"]
[Result "0-1"]
[WhiteTitle "IM"]
[BlackTitle "IM"]
[WhiteElo "2268"]
[BlackElo "2505"]
[WhiteFideId "14101157"]
[BlackFideId "2809958"]
[EventDate "2011.10.22"]

1. c4 Nf6 2. Nc3 e5 3. Nf3 Nc6 4. g3 d5 5. cxd5 Nxd5 6. d3 Be7 7. Bg2 Nb6 8. O-O
O-O 9. b3 Be6 10. Bb2 f6 11. Qc2 a5 12. Rfc1 Qd7 13. Ne4 a4 14. Bc3 Rfc8 15.
Rab1 axb3 16. axb3 Nd5 17. Be1 Ncb4 18. Qd1 c5 19. Nc3 Ra3 20. Nd2 b5 21. Nf1
Nb6 22. Ra1 Bxb3 23. Qd2 Rxa1 24. Rxa1 Rb8 25. Ne3 Be6 26. Ra5 Nc8 27. Qb2 Bd8
28. Ra8 Rxa8 29. Bxa8 Be7 30. Qa1 Qa7 31. Qxa7 Nxa7 32. f4 exf4 33. gxf4 f5 34.
Ned5 Bd6 35. Nxb4 cxb4 36. Nd5 b3 37. Bc3 Ba3 38. Bd4 b2 39. Nc3 b4 40. Nb1 Nb5
41. Be5 Nc3 42. Bxc3 bxc3 43. Nxc3 Bb4 44. Nb1 Ba2 0-1

[Event "Corsica Masters 2011"]
[Site "Bastia FRA"]
[Date "2011.10.26"]
[Round "6.10"]
[White "Grigoryan, Avetik"]
[Black "Judkovsky, Yair"]
[Result "1/2-1/2"]
[WhiteTitle "GM"]
[WhiteElo "2614"]
[BlackElo "2329"]
[WhiteFideId "13302191"]
[BlackFideId "2804930"]
[EventDate "2011.10.22"]

1. d4 Nf6 2. c4 g6 3. Nc3 Bg7 4. e4 d6 5. h3 O-O 6. Bg5 Na6 7. Nf3 Qe8 8. g4 e5
9. d5 h6 10. Be3 h5 11. Nh2 Nc5 12. Bg2 Bd7 13. Bf3 h4 14. Bg5 c6 15. Bxh4 cxd5
16. cxd5 b5 17. b4 Na4 18. Nxa4 bxa4 19. O-O Qb8 20. Qd2 Rc8 21. Rfc1 Qb5 22.
Bg5 a3 23. Rab1 Qa6 24. Rb3 Bb5 25. Be3 Rc4 26. Rxc4 Bxc4 27. Rc3 Rb8 28. g5 Nd7
29. Rc1 Qb5 30. Qc3 Bxd5 31. exd5 e4 32. Qxa3 exf3 33. Qxa7 Ne5 34. a3 Re8 35.
Qd4 Qe2 36. Qe4 Kf8 37. Rb1 Qa2 38. Rf1 Nc4 39. Qxf3 Qxa3 40. Bf4 Qxb4 41. Ng4
Nd2 42. Bxd2 Qxd2 43. h4 Kg8 44. Kg2 Rb8 45. Rd1 Qb4 46. Rc1 Qd4 47. Rc7 Rf8 48.
Rd7 Qb4 49. Kh3 Qc5 50. h5 Qc8 51. h6 Qxd7 52. hxg7 Kxg7 53. Qc3+ Kg8 54. Kh4
Qa4 55. Kg3 Rb8 56. Nf6+ Kf8 57. Nh7+ Kg8 58. Nf6+ Kf8 59. Nh7+ Kg8 60. Nf6+ 1/2-1/2

[Event "Corsica Masters 2011"]
[Site "Bastia FRA"]
[Date "2011.10.26"]
[Round "6.11"]
[White "Dimitrov, Pavel"]
[Black "Tregubov, Pavel V."]
[Result "1/2-1/2"]
[WhiteTitle "IM"]
[BlackTitle "GM"]
[WhiteElo "2353"]
[BlackElo "2602"]
[WhiteFideId "2907470"]
[BlackFideId "4115341"]
[EventDate "2011.10.22"]

1. e4 c5 2. b4 cxb4 3. a3 e6 4. axb4 Bxb4 5. Ba3 Nc6 6. Bxb4 Nxb4 7. c3 Nc6 8.
d4 d6 9. Nf3 Nf6 10. Bd3 O-O 11. O-O e5 12. h3 b6 13. Nbd2 Bb7 14. Re1 Re8 15.
Qb3 Re7 16. Nc4 exd4 17. cxd4 d5 18. exd5 Qxd5 19. Rxe7 Nxe7 20. Qb2 Ng6 21. Ne3
Qd8 22. Ne5 Nd7 23. Nxf7 Kxf7 24. Bc4+ Kf8 25. Nf5 Qg5 26. Qa3+ Ne7 27. g4 g6
28. Nd6 Bc6 29. Re1 Qd2 30. Re3 Qxd4 31. Nf5 Qd1+ 32. Bf1 Nc5 33. Nxe7 Bb5 34.
Qb2 Qxf1+ 35. Kh2 Ke8 36. Nd5+ Kd7 37. Qg7+ Kd6 38. Qe5+ Kc6 39. Nb4+ Kb7 40.
Qd5+ Kc7 41. Re7+ Bd7 42. Qe5+ Kb7 43. Qd5+ Kc7 44. Qc6+ Kd8 45. Rxd7+ Nxd7 46.
Qxa8+ Ke7 47. Qe4+ Kd8 48. Qa8+ Kc7 49. Qc6+ Kd8 50. Qa8+ Kc7 51. Qc6+ Kd8 52.
Qa8+ Kc7 1/2-1/2

[Event "Corsica Masters 2011"]
[Site "Bastia FRA"]
[Date "2011.10.26"]
[Round "7.4"]
[White "Melkumyan, Hrant"]
[Black "Durarbeyli, Vasif"]
[Result "1-0"]
[WhiteTitle "GM"]
[BlackTitle "GM"]
[WhiteElo "2619"]
[BlackElo "2526"]
[WhiteFideId "13302485"]
[BlackFideId "13402935"]
[EventDate "2011.10.22"]

1. d4 Nf6 2. c4 e6 3. Nc3 Bb4 4. e3 O-O 5. Bd3 d5 6. Nf3 c5 7. O-O dxc4 8. Bxc4
Nbd7 9. Qe2 b6 10. dxc5 Bxc3 11. c6 Bb4 12. cxd7 Nxd7 13. Rd1 Qc7 14. b3 Ne5 15.
Nxe5 Qxe5 16. Bb2 Bc3 17. f4 Qf6 18. Bxc3 Qxc3 19. Qd2 Qf6 20. Qd4 Bb7 21. Qxf6
gxf6 22. Rd7 Be4 23. Rad1 a6 24. Kf2 Rfc8 25. R1d4 Bc6 26. R7d6 f5 27. h3 b5 28.
Bd3 Kf8 29. g4 fxg4 30. hxg4 h6 31. e4 Be8 32. f5 Rc1 33. e5 Ra1 34. fxe6 Rxa2+
35. Kg3 Ra3 36. exf7 Kxf7 37. Rxh6 Rxb3 38. Kf4 a5 39. Bf5 Rb4 40. Rxb4 axb4 41.
Kg5 b3 42. Rh7+ Kg8 43. Kf6 b2 44. Rh2 Ra7 45. e6 b4 46. Rxb2 Rb7 47. Be4 Rb6
48. Rh2 b3 49. Bh7+ Kf8 50. Bg6 Rxe6+ 51. Kxe6 Bxg6 52. Kf6 Bf7 53. g5 1-0

[Event "Corsica Masters 2011"]
[Site "Bastia FRA"]
[Date "2011.10.26"]
[Round "7.5"]
[White "Baghdasaryan, Vahe"]
[Black "Mamedov, Rauf"]
[Result "1/2-1/2"]
[BlackTitle "GM"]
[WhiteElo "2362"]
[BlackElo "2660"]
[WhiteFideId "13303139"]
[BlackFideId "13401653"]
[EventDate "2011.10.22"]

1. e4 g6 2. d4 Bg7 3. Nc3 c6 4. Be3 d5 5. e5 Nh6 6. Bxh6 Bxh6 7. h4 c5 8. h5 Nc6
9. Bb5 a6 10. Bxc6+ bxc6 11. Nf3 Qa5 12. dxc5 Rb8 13. Nd4 Rxb2 14. Qd3 Qxc5 15.
Nb3 Qb4 16. O-O Bf5 17. Qxa6 O-O 18. Qxc6 e6 19. a3 Qh4 20. g3 Qxh5 21. Nd4 Bg4
22. f4 Rbb8 23. Qa6 Rfc8 24. Qd3 Rc4 25. Rf2 Bf8 26. Ne4 dxe4 27. Qxc4 Qh3 28.
Qc3 Rc8 29. Qxc8 Qxg3+ 30. Rg2 Qe3+ 31. Kh1 Qxd4 32. Rb1 Qe3 33. Rb3 Qe1+ 34.
Rg1 Bf3+ 35. Rxf3 Qh4+ 36. Kg2 Qg4+ 37. Rg3 Qe2+ 38. Kh1 Qh5+ 39. Kg2 Qe2+ 40.
Kh1 1/2-1/2

[Event "Corsica Masters 2011"]
[Site "Bastia FRA"]
[Date "2011.10.26"]
[Round "7.6"]
[White "Mullon, Jean-Baptiste"]
[Black "Arnold, Marc T"]
[Result "1/2-1/2"]
[WhiteTitle "IM"]
[BlackTitle "IM"]
[WhiteElo "2379"]
[BlackElo "2505"]
[WhiteFideId "613606"]
[BlackFideId "2022320"]
[EventDate "2011.10.22"]

1. e4 c5 2. Nf3 d6 3. d4 cxd4 4. Qxd4 Bd7 5. Be3 Nf6 6. Nc3 Nc6 7. Qd2 a6 8.
O-O-O e6 9. Bf4 Ng4 10. h3 Nge5 11. Nxe5 dxe5 12. Be3 b5 13. Bxb5 axb5 14. Bb6
Qc8 15. Nxb5 Rb8 16. Nc7+ Ke7 17. Bc5+ Kd8 18. Bxf8 Rxf8 19. Na6 Ra8 20. Qd6 Re8
21. Nc5 Ra7 22. b4 Re7 23. c3 Rxa2 24. b5 Nb8 25. Qb6+ Ke8 26. Kb1 Ra8 27. Rd6
f6 28. Rhd1 Qd8 29. Qxd8+ Kxd8 30. c4 Kc8 31. Kb2 Ra7 32. Kb3 Be8 33. b6 Rad7
34. Nxd7 Bxd7 35. Ra1 Nc6 36. c5 Kb7 37. Kc4 Kb8 38. Rad1 Be8 39. f3 Kb7 40. Ra1
Kb8 41. Rad1 Kb7 42. Ra1 Kb8 43. Rad1 Kb7 1/2-1/2

[Event "Corsica Masters 2011"]
[Site "Bastia FRA"]
[Date "2011.10.26"]
[Round "7.7"]
[White "Grigoryan, Avetik"]
[Black "Shachar, Ehud"]
[Result "1-0"]
[WhiteTitle "GM"]
[BlackTitle "FM"]
[WhiteElo "2614"]
[BlackElo "2355"]
[WhiteFideId "13302191"]
[BlackFideId "2802198"]
[EventDate "2011.10.22"]

1. d4 e6 2. Nf3 f5 3. c4 Nf6 4. g3 d5 5. Bg2 c6 6. O-O Bd6 7. b3 Qe7 8. a4 a5 9.
Ba3 Bxa3 10. Nxa3 O-O 11. Qc2 Na6 12. Rfc1 Bd7 13. Ne5 Be8 14. e3 Nb4 15. Qd2
Nd7 16. Nd3 Nxd3 17. Qxd3 Bh5 18. Nc2 Nf6 19. Rab1 Ne4 20. Ne1 g5 21. f3 Nf6 22.
Qd2 Bg6 23. Nd3 f4 24. exf4 gxf4 25. g4 dxc4 26. bxc4 Rad8 27. Qc3 Rf7 28. Ne5
Bxb1 29. Nxf7 Kxf7 30. Rxb1 Qd7 31. Bf1 Qxd4+ 32. Qxd4 Rxd4 33. Rxb7+ Nd7 34.
Ra7 Rd2 35. h4 h6 36. Rxa5 c5 37. Ra7 Kf6 38. Ra8 Ke7 39. a5 Ne5 40. Bg2 Nxc4
41. a6 Ne3 42. a7 Rxg2+ 43. Kh1 Ra2 44. Rh8 Rxa7 45. Rh7+ Kd6 46. Rxa7 c4 47.
Kg1 c3 48. Kf2 c2 49. Ra1 Kd5 50. Ke2 Kc4 51. Kd2 Kb3 52. Ra8 Nf1+ 53. Kc1 Nh2
54. g5 Nxf3 55. Rb8+ Kc3 56. Rc8+ Kd3 57. gxh6 Nxh4 58. h7 Ng6 59. Rg8 1-0

[Event "Corsica Masters 2011"]
[Site "Bastia FRA"]
[Date "2011.10.26"]
[Round "7.9"]
[White "Sulava, Nenad"]
[Black "Mamedjarova, Turkan"]
[Result "1/2-1/2"]
[WhiteTitle "GM"]
[BlackTitle "WGM"]
[WhiteElo "2540"]
[BlackElo "2277"]
[WhiteFideId "14500205"]
[BlackFideId "13402005"]
[EventDate "2011.10.22"]

1. Nf3 Nf6 2. c4 e6 3. d4 c5 4. e3 cxd4 5. exd4 b6 6. Nc3 Bb7 7. a3 d5 8. cxd5
Nxd5 9. Ne5 Nxc3 10. bxc3 a6 11. Rb1 Qc7 12. Qb3 b5 13. a4 Bd5 14. c4 bxc4 15.
Bxc4 Bxc4 16. Qxc4 Qxc4 17. Nxc4 Nc6 18. Be3 Bb4+ 19. Ke2 a5 20. Rhc1 Ne7 21.
Bd2 Nd5 22. Nxa5 Bxd2 23. Kxd2 O-O 24. Rb5 Ra6 25. Rc4 h6 26. Nb3 Kh7 27. a5
Rfa8 28. Rb7 Kg6 29. Rc5 Nf4 30. g3 Nh3 31. Rcc7 Ng5 32. Ke3 Rxa5 33. Nxa5 Rxa5
34. h4 Ra3+ 35. Ke2 Nf3 36. Rxf7 Nxd4+ 37. Kf1 Nf5 38. Kg2 h5 39. Rfc7 Ra2 40.
Rb6 Ne3+ 41. Kf3 Ng4 42. Rxe6+ Kh7 43. Kf4 Nf6 44. Rc5 Rxf2+ 45. Kg5 Rf3 46.
Rxf6 gxf6+ 47. Kxh5 Rxg3 48. Rc7+ Rg7 49. Rxg7+ Kxg7 50. Kg4 Kh6 51. Kf5 Kh5 52.
Kxf6 Kxh4 1/2-1/2

[Event "Corsica Masters 2011"]
[Site "Bastia FRA"]
[Date "2011.10.26"]
[Round "7.10"]
[White "Flear, Glenn C"]
[Black "Pesotskyi, Vitalii"]
[Result "1/2-1/2"]
[WhiteTitle "GM"]
[BlackTitle "IM"]
[WhiteElo "2471"]
[BlackElo "2268"]
[WhiteFideId "400165"]
[BlackFideId "14101157"]
[EventDate "2011.10.22"]

1. d4 Nf6 2. c4 g6 3. Nc3 Bg7 4. e4 d6 5. f4 c5 6. d5 O-O 7. Nf3 b5 8. cxb5 a6
9. a4 e6 10. Be2 axb5 11. Bxb5 exd5 12. e5 dxe5 13. fxe5 Ng4 14. Qxd5 Qxd5 15.
Nxd5 Bb7 16. Nb6 Ra7 17. Bf4 Bc6 18. Be2 Re8 19. O-O Nd7 20. Nxd7 Bxd7 21. Bc4
Rxa4 22. Rxa4 Bxa4 23. Ng5 Re7 24. Nxf7 Rxf7 25. Ra1 Be8 26. Ra8 Kf8 27. Bxf7
Kxf7 28. e6+ Ke7 29. Ra7+ Kf6 30. h3 Bh6 31. Bxh6 Nxh6 32. Rxh7 Nf5 33. Rc7 Kxe6
34. Rxc5 Kd6 35. Rc3 Bc6 36. Kf2 Bd5 37. g4 Nd4 38. Ke3 Nb5 39. Rc8 g5 40. Rb8
Nc7 41. Rh8 Ne6 42. h4 gxh4 43. Rxh4 Bb3 44. Rh2 Ke5 45. Rf2 Bd1 46. Rf5+ Kd6
47. g5 Bc2 48. Rf2 Bb1 49. Rf1 Bc2 50. Rg1 Bg6 51. Kf3 Ke5 52. Kg4 Bf5+ 53. Kh5
Nf4+ 54. Kh6 Bd3 55. Rc1 Kd4 56. b4 Nd5 57. Rd1 Nxb4 58. g6 Nd5 59. g7 Ne7 60.
Kg5 Ng8 61. Ra1 Bc4 62. Kg6 Ke5 63. Kh7 Nf6+ 64. Kh8 Bd5 65. Ra6 Kf5 66. Rxf6+
Kxf6 67. g8=Q Bxg8 68. Kxg8 1/2-1/2

[Event "Corsica Masters 2011"]
[Site "Bastia FRA"]
[Date "2011.10.27"]
[Round "8.2"]
[White "Melkumyan, Hrant"]
[Black "Baron, Tal"]
[Result "1/2-1/2"]
[WhiteTitle "GM"]
[BlackTitle "IM"]
[WhiteElo "2619"]
[BlackElo "2505"]
[WhiteFideId "13302485"]
[BlackFideId "2809958"]
[EventDate "2011.10.22"]

1. d4 Nf6 2. c4 g6 3. Nf3 Bg7 4. g3 d5 5. cxd5 Nxd5 6. Bg2 Nb6 7. Nc3 Nc6 8. e3
O-O 9. O-O Re8 10. Re1 a5 11. Qe2 Be6 12. Rd1 Bc4 13. Qc2 Nb4 14. Qe4 f5 15. Qb1
e5 16. Nxe5 Bxe5 17. b3 Bd3 18. Rxd3 Nxd3 19. Qxd3 c5 20. Nb5 cxd4 21. exd4 Qd7
22. Ba3 Re6 23. Rd1 Rd8 24. d5 Bf6 25. d6 Rc8 26. Bf3 Kg7 27. Nc7 Rxc7 28. dxc7
Re1+ 29. Kg2 Rxd1 30. Qxd1 Qxc7 31. Qd6 Qxd6 32. Bxd6 a4 33. Bxb7 axb3 34. axb3
Bd4 35. b4 Nd7 36. b5 Bb6 37. Bc6 Nc5 38. Be5+ Kf8 39. Bd4 Ke7 40. Bd5 h6 41. h4
g5 42. h5 Nd7 43. Bxb6 Nxb6 44. Bc6 Kd6 45. Be8 Nd5 46. Bg6 Ne7 47. Kf3 Kc5 48.
Be8 Nd5 49. g4 Nf6 50. gxf5 Nxe8 51. Ke4 Kd6 52. b6 Nf6+ 53. Kd4 Nxh5 54. b7 Kc7
55. Ke5 Nf4 56. f6 Ng6+ 57. Kf5 Nh8 58. Kg4 Kxb7 59. Kh5 Nf7 60. Kg6 Ne5+ 61.
Kxh6 g4 62. Kg5 Kc6 63. f7 Nxf7+ 64. Kxg4 Kd5 1/2-1/2

[Event "Corsica Masters 2011"]
[Site "Bastia FRA"]
[Date "2011.10.27"]
[Round "8.3"]
[White "Mamedov, Rauf"]
[Black "Judkovsky, Yair"]
[Result "1/2-1/2"]
[WhiteTitle "GM"]
[WhiteElo "2660"]
[BlackElo "2329"]
[WhiteFideId "13401653"]
[BlackFideId "2804930"]
[EventDate "2011.10.22"]

1. e4 e5 2. Bc4 Nc6 3. Nf3 Bc5 4. c3 Nf6 5. d3 d6 6. Bb3 Bb6 7. Nbd2 O-O 8. h3
Ne7 9. Nc4 Ng6 10. O-O h6 11. a4 c6 12. Nxb6 axb6 13. Be3 Qc7 14. Nd2 Re8 15.
Nc4 c5 16. Nd2 Be6 17. Bxe6 Rxe6 18. Qb3 Rd8 19. c4 Ra8 20. g3 Nh7 21. Qd1 Rf8
22. b4 Ne7 23. a5 bxa5 24. bxa5 f5 25. exf5 Nxf5 26. Ne4 Nf6 27. Qf3 Nxe4 28.
Qxe4 Ref6 29. Rab1 Qxa5 30. Kg2 Qc7 31. Bd2 R6f7 32. f4 exf4 33. Rxf4 Qc6 34.
Qxc6 bxc6 35. Rbf1 Nd4 36. Rxf7 Rxf7 37. Bf4 Rf6 38. h4 Ne2 39. Rf2 Nxf4+ 40.
gxf4 Kf7 41. Kg3 Re6 42. Kf3 Kf6 43. Ra2 Re7 44. Ra6 Rc7 45. Ra8 Ke6 46. h5 d5
47. Kg4 dxc4 48. dxc4 Rf7 49. Re8+ Kd6 50. Re4 Rf8 51. f5 Rf7 52. Re6+ Kc7 53.
Kf4 Kd7 54. Rg6 Re7 55. f6 gxf6 56. Rxf6 Re1 57. Rxh6 Rc1 58. Ke5 Rxc4 59. Rh7+
Ke8 60. h6 Kf8 61. Rc7 Kg8 62. Rxc6 Kh7 63. Kd5 Rc1 64. Rxc5 Rxc5+ 65. Kxc5 Kxh6 1/2-1/2

[Event "Corsica Masters 2011"]
[Site "Bastia FRA"]
[Date "2011.10.27"]
[Round "8.5"]
[White "Arnold, Marc T"]
[Black "Baghdasaryan, Vahe"]
[Result "1-0"]
[WhiteTitle "IM"]
[WhiteElo "2505"]
[BlackElo "2362"]
[WhiteFideId "2022320"]
[BlackFideId "13303139"]
[EventDate "2011.10.22"]

1. g3 c5 2. Bg2 Nc6 3. Nf3 g6 4. d4 cxd4 5. Nxd4 Bg7 6. Nb3 Nf6 7. O-O O-O 8. e4
d6 9. h3 a5 10. a4 Be6 11. Nc3 Bxb3 12. cxb3 Nb4 13. Be3 Nd7 14. Re1 Rc8 15. Rc1
Nc5 16. Bf1 e6 17. Bc4 Qe7 18. Qe2 Rfd8 19. Rcd1 b6 20. f4 Qb7 21. Qg2 Rc7 22.
Rd2 Re7 23. Red1 d5 24. exd5 exd5 25. Nxd5 Nxd5 26. Bxc5 bxc5 27. Bxd5 Rxd5 28.
Qxd5 Bd4+ 29. Rxd4 cxd4 30. Rxd4 Qa7 31. Kf1 Re3 32. Rd3 Re8 33. Rd2 Qe7 34. Qe5
Qxe5 35. fxe5 Rxe5 36. Kf2 Kf8 37. Rd4 Rc5 38. Ke3 Ke7 39. Kd3 h5 40. b4 axb4
41. Rxb4 Rg5 42. g4 f5 43. gxf5 Rg3+ 44. Ke2 gxf5 45. a5 Rg1 46. b3 Kd6 47. a6
Rg8 48. a7 Ra8 49. Ra4 Ke5 50. Kf3 h4 51. b4 Kd5 52. Kf4 Kc4 53. Kxf5 Kb5 54.
Ra1 Kxb4 55. Kg4 Kb5 56. Kxh4 Kb6 57. Kg3 Kb7 58. Kh2 Kc7 59. h4 Kd6 60. Kh3 Ke5
61. h5 Kf5 1-0